Macroeconomics
Gespeichert in:
| 1. Verfasser: | |
|---|---|
| Weitere Verfasser: | |
| Format: | Buch |
| Sprache: | Englisch |
| Veröffentlicht: |
Upper Saddle River, N.J.
Prentice Hall
2002
|
| Schriftenreihe: | Prentice Hall Series in Economics
|
| Schlagworte: | |
| Tags: |
Keine Tags, Fügen Sie das erste Tag hinzu!
|
MARC
| LEADER | 00000nam$a2200000$$$4500 | ||
|---|---|---|---|
| 001 | 0002666 | ||
| 005 | 20221129101042.8 | ||
| 020 | |a 0-13-030372-0 | ||
| 041 | 0 | |a eng | |
| 044 | |a US | ||
| 245 | 1 | 0 | |a Macroeconomics |c David C. Colander, Edward N. Gamber |
| 264 | 1 | |a Upper Saddle River, N.J. |b Prentice Hall |c 2002 | |
| 300 | |a 464 s. |e 1 CD-ROM: Active graphs CD-ROM to accompany macroeconomics | ||
| 490 | 1 | |a Prentice Hall Series in Economics | |
| 830 | 0 | |a Prentice Hall Series in Economics | |
| 610 | 2 | 0 | |a makroekonomika |
| 610 | 2 | 0 | |a aktivita hospodárska |
| 610 | 2 | 0 | |a príjmy |
| 610 | 2 | 0 | |a inflácia |
| 610 | 2 | 0 | |a nezamestnanosť |
| 610 | 2 | 0 | |a rast hospodársky |
| 610 | 2 | 0 | |a modely rastu |
| 610 | 2 | 0 | |a peniaze |
| 610 | 2 | 0 | |a kurz devízový |
| 610 | 2 | 0 | |a analýzy |
| 610 | 2 | 0 | |a hospodárstvo otvorené |
| 610 | 2 | 0 | |a spotreba |
| 610 | 2 | 0 | |a investície |
| 610 | 2 | 0 | |a politika fiškálna |
| 100 | 1 | |a Colander, David C. | |
| 700 | 1 | |a Gamber, Edward N. | |